| 000 | 00389 a2200145 4500 | ||
|---|---|---|---|
| 020 | _a969839430-X | ||
| 082 | _a954.9 | ||
| 090 |
_c7180 _d7180 |
||
| 100 | _aIshaq, Naseem Rana | ||
| 245 |
_aZuban-e-Khalq _cIshaq Naseem Rana |
||
| 260 |
_aIslamabad (Pakistan) _bBela Publication Islamabad _c2010 |
||
| 300 |
_a319 p. _b;ill. _c22 cm. |
||
| 650 | _a1. History-Pakistan | ||
| 942 |
_cBK _k954.9 ISH |
||
| 999 |
_c10983 _d10983 |
||